Δασικές πυρκαγιές στην Ελλάδα : πρακτικά ημερίδας

Saved in:
Bibliographic Details
Corporate Author: Αριστοτέλειο Πανεπιστήμιο Θεσσαλονίκης Σχολή Γεωτεχνικών Επιστημών Τμήμα Δασολογίας και Φυσικού Περιβάλλοντος
Format: Book
Language:Greek
Published: Θεσσαλονίκη : Αριστοτέλειο Πανεπιστήμιο Θεσσαλονίκης, 1990
Subjects:
Tags: Add Tag
No Tags, Be the first to tag this record!

MARC

LEADER 00000cam a2200000 i 4500
001 1/102534
008 950505s1990 gre d
035 |l 10012543 
040 |a GR-MY-UA  |b gre  |e aacr 
041 0 |a gre 
082 0 |a 363.37909495 
110 2 |a Αριστοτέλειο Πανεπιστήμιο Θεσσαλονίκης  |b Σχολή Γεωτεχνικών Επιστημών  |b Τμήμα Δασολογίας και Φυσικού Περιβάλλοντος. 
245 1 0 |a Δασικές πυρκαγιές στην Ελλάδα :  |b πρακτικά ημερίδας /  |c Αριστοτέλειο Πανεπιστήμιο Θεσσαλονίκης, Σχολή Γεωτεχνικών Επιστημών, Τμήμα Δασολογίας και Φυσικού Περιβάλλοντος 
260 |a Θεσσαλονίκη :   |b Αριστοτέλειο Πανεπιστήμιο Θεσσαλονίκης,   |c 1990 
300 |a 108 σ. 
650 0 0 |a Forest fires  |z Greece  |x Congresses. 
650 0 0 |a Forest fires  |x Prevention and control  |z Greece  |x Congresses. 
852 |a INST  |b LESVOS  |e 19950505  |h 363.37909495 ΔΑΣ  |p 005100001253  |q 005100001253  |t BK  |y 0 
909 |a Λ  |b 019824 
970 |z 1999/08/26  |a ΚΑΜΑΤΣΟΥ  |b ΔΕΣΠΟΙΝΑ